000 00564nam a2200193Ia 4500
003 OSt
005 20251230122841.0
008 210210b1958 xxu||||| |||| 00| 0 eng d
040 _cAL
041 _aKannada
082 _a859/2156
100 _aSITARAMA SHASTRI
_9158290
_d ಸೀತಾರಾಮ ಶಾಸ್ತ್ರಿ
245 _aBidanuru rani:
_bಬಿದನೂರು ರಾಣಿ
260 _aBengaluru
_b-
_c1958
690 _aKannada Fiction
_9158291
700 _aVIRAKESARI
_9158292
_dವೀರಕೇಸರಿ.
906 _a022869
942 _2ddc
_cBK
999 _c147568
_d147568